Нэр томьёо судлал (Бичлэгийн дугаар. 69985)
[ энгийн харах ]
| 000 -Удирдлага | |
|---|---|
| Ном зүйн бүртгэл тоо буюу кодлох утгыг агуулсан | 01721 a2200229 4500 |
| 003 - ХЯНАЛТЫН ТОО ТОДОРХОЙЛОГЧ | |
| Код | MN-UlNLM |
| 005 - ХАМГИЙН СҮҮЛИЙН ҮЕИЙН ХЭЛЦЛИЙН ОГНОО БА ЦАГ | |
| Тухайн бичилтийг бичсэн засварласан сүүлийн огноо. | 20220701125436.0 |
| 008 - ЕРӨНХИЙ МЭДЭЭЛЭЛ-ЭЛЕМЕНТҮҮДИЙН ӨГӨГДЛИЙН УРТ | |
| fixed length control field | a130t1998 mp ||||| |||| 00| 0 mon d |
| 040 ## - ЭХ СУРВАЛЖИЙГ ТОДОРХОЙЛОН БИЧИХ | |
| Анхны каталогийн байгууллага | Монгол Улсын Үндэсний номын сан |
| 084 ## - БУСАД АНГИЛЛЫН ДУГААР | |
| Анги | 81.2Мон-3 |
| Ангиллын нэр | Номын сан номзүйн ангилал |
| Зохиогчийн 3-н тэмдэгт | Н 95 |
| Шинжлэх ухааны мэдлэгийн салбар | Хэл шинжлэл - 80 |
| 110 ## - ДЭЭД ГАРЧГИЙН МЭДЭЭ | |
| Эрхлэн гаргасан байгууллагын нэр | МУШУА-ийн хэл зохиолын хүрээлэн, Стандартчилал хэмжил зүйн үндэсний төв |
| 245 0# - ҮНДСЭН ГАРЧИГ | |
| Гарчиг | Нэр томьёо судлал |
| 250 ## - ХЭВЛЭЛТИЙН ТУХАЙ МЭДЭЭ | |
| Дахин хэвлэлтийн мэдээ | 1 |
| 260 0# - ГАРАЛТЫН ТУХАЙ МЭДЭЭ | |
| Хэвлэгдсэн он | 1998 |
| Хэвлэгдсэн газар | УБ |
| 300 ## - ТООНЫ МЭДЭЭ | |
| Хуудасны тоо | 87х |
| 546 ## - ХЭЛНИЙ ТУХАЙ МЭДЭЭ | |
| Хэл | |
| 653 ## - ТҮЛХҮҮР ҮГС | |
| Түлхүүр үг | Хэл шинжлэл. |
| -- | Монгол хэл |
| -- | Үгсийн сан судлал |
| 740 ## - НОМЫН АГУУЛГЫН ГАРЧИГ | |
| Номын гарчгууд | Ч.Лхагважав. Монгол улсын гэгээрлийн сайд "Нэр томъёоны тулгамдсан асуудал" сэдэвт эрдэм шинжилгээний бага хурал дээр хэлсэн үг. |
| -- | Н.Баярмагнай. "Нэр томъёоны стандартчиллын өнөөгийн байдал ба цаашдыг зорилт. |
| -- | Л.Балдан. "Нэр томъёо, оноосон нэрийг жигдлэх асуудалд". |
| -- | С.Мөөмөө. Нэгэн нэр томъёоны учир. |
| -- | Н.Манибазар. Монгол орны гуурст ургамлын нэр томъёог жигдлэх асуудалд. |
| -- | Р.Гүрбазар. "Нэр томъёоны цэгцлэх асуудалд". |
| -- | С.Лочин. Шилжилтийн үеийн нэр томъяоны зарим асуудал. |
| -- | Ц.Эрдэнэбат. Монголчуудын нэр томъёо тогтоож ирсэн уламжлалаас. |
| 856 ## - ЭЛЕКТРОН БАЙРЛАЛ БА ХОЛБООС | |
| Төрөл | Хэвлэмэл ном |
| 942 ## - ЭЛЕМЕНТИЙН ТӨРӨЛ | |
| Төрөл | Ном |
| Буцаан татагдсан төлөв | Хасагдсан шалтгаан | Гэмтсэн төлөв | Данс заагч | Захиалах боломжгүй | Үндсэн номын сан | Одоогийн байршил | Салбар танхим | Сан хөмрөг 5 | Бүртгэсэн огноо | Тавиурын заалт | Баркод | Үнэ | Хамгийн сүүлд байсан огноо | Салбар | Нийт уншлаганд гарсан тоо | Хамгийн сүүлд уншлаганд гарсан огноо | Төрөл |
|---|---|---|---|---|---|---|---|---|---|---|---|---|---|---|---|---|---|
| МУҮНомын сан салбар | МУҮНомын сан салбар | МУҮНС салбар | Язгуур танхим 8 давхар | МУҮНС салбар | Язгуур танхим 8 давхар | 2021-08-30 | 57671 | 02057671 | 1000.00 | 2021-08-30 | 0000020576 | 6 | 2021-03-31 | Ном | |||||
| МУҮНомын сан салбар | МУҮНомын сан салбар | МУҮНС салбар | Язгуур танхим 8 давхар | МУҮНС салбар | Язгуур танхим 8 давхар | 2021-08-30 | 57668 | 02057668 | 1000.00 | 2021-08-30 | 0000020576 | Ном | |||||||
| МУҮНомын сан салбар | МУҮНомын сан салбар | МУҮНС салбар | Язгуур танхим 8 давхар | МУҮНС салбар | Язгуур танхим 8 давхар | 2021-01-25 | 57669 | 02057669 | 1000.00 | 2021-12-19 | 6 | 2021-12-19 | Ном | ||||||
| МУҮНомын сан салбар | МУҮНомын сан салбар | МУҮНС салбар | Язгуур танхим 8 давхар | МУҮНС салбар | Язгуур танхим 8 давхар | 2021-01-25 | 57670 | 02057670 | 1000.00 | 2021-08-30 | 1 | 2019-03-18 | Ном |